01842nam a2200457 i 450000100060000000300080000600500170001400600190003100700150005000800410006502000270010603500230013303500240015603500250018003500210020504000310022605000200025708000080027708200180028510000330030324501490033626400610048530000410054633600310058733700330061833800430065149000340069450000230072850400290075158801280078059001640090865000460107265000510111865000290116965000260119865500270122479700190125183000350127085600620130599900170136783003FlNmELB20241217151958.0m o d | cr cnu||||||||150226s2014 sp ob 001 0 spa d a9788490123645 (e-book) a(MiAaPQ)EBC3227744 a(Au-PeEL)EBL3227744 a(CaPaEBR)ebr11013687 a(OCoLC)991968115 aFINmELBbspaerdacFINmELB 4aDP13bV719 2014 a9140 a914.600142231 aVillar Liébana, Francisco.10aIndoeuropeos, iberos, vascos y sus parientes :bestratigrafía y cronología de las poblaciones prehistóricas /cFrancisco Villar Liébana. 1aSalamanca :bEdiciones Universidad de Salamanca,c[2014] a1 recurso en línea (366 páginas) atextobtxt2rdacontent/spa acomputadorabc2rdamedia/spa arecurso en líneabcr2rdacarrier/spa1 aEstudios filológicos ;v340 aContiene índice. aContiene bibliografía. aDescripción basada en recurso en línea; Título de la página del título en PDF (e-libro, visto February 26, 2015). aRecurso electrónico. Santa Fe, Arg.: e-libro, 2015. Disponible vía World Wide Web. El acceso puede estar limitado para las bibliotecas afiliadas a e-libro. 0aNames, GeographicalzSpainzPaís Vasco. 4aAsentamientos humanoszEspañazPaís Vasco. 0aIndo-European languages. 4aLenguas indoeuropeas. 4aLibros electrónicos.2 ae-libro, Corp. 0aEstudios filológicos ;v340.40uhttps://elibro.net/ereader/politecnicointernacional/55759 c83003d83003